000 00796nam a22002651 4500
001 18700
003 BD-RjUL
005 20211209000325.0
008 140222s1956 nyu 000 0 eng
035 _a(BD-RjUL)18758
035 _a(OCoLC)3151760
040 _aDLC
_cICIU
_dICIU
_dBD-RjUL
_beng
041 _aeng
082 _a824.082
_bFOR 1956
245 1 0 _aForum;
_ba book of essays for college English,
_cedited by Christian Kiefer and Laurence Muir.
260 _aNew York :
_bAppleton-Century-Crofts ,
_c1956.
300 _ax, 290 p. :
_c22 cm.
650 0 _aAmerican essays.
_952988
650 0 _aEnglish essays.
_957603
700 1 _a Kiefer, Christian
_957604
700 1 _aMuir, Laurence,
_ejoint ed.
_957605
942 _2ddc
_cBK
999 _c18700
_d18700